NBA nicknames #3 - Statistics

General Stats
  • This quiz has been taken 75 times
  • The average score is 14 of 32
Answer Stats
Hint Answer % Correct
Vinsanity Vince Carter
84%
The Dream Hakeem Olajuwon
83%
Clyde The Glide Clyde Drexler
81%
White Chocolate Jason Williams
81%
Linsanity Jeremy Lin
81%
Mailman Karl Malone
81%
The Worm Dennis Rodman
72%
Boogie DeMarcus Cousins
71%
The Admiral David Robinson
70%
Greek Freak Giannis Antetokounmpo
70%
The Hick From French Lick Larry Bird
67%
Unicorn Kristaps Porzingis
64%
Penny Penny Hardaway
55%
Zeke Isiah Thomas
52%
Starbury Stephen Marbury
48%
Tiny Nate Archibald
42%
Big Game James James Worthy
36%
Reign Man Shawn Kemp
36%
Chief Robert Parish
30%
Zen Master Phil Jackson
29%
Houdini of the Hardwood Bob Cousy
28%
Jelly Bean Joe Bryant
28%
Mookie Mookie Blaylock
22%
Tractor Traylor Robert Traylor
20%
Skip 2 My Lou Rafer Alston
10%
Vanilla Gorilla Joel Przybilla
9%
Satch Tom Sanders
9%
Kangaroo Kid Billy Cunningham
7%
The Whopper Billy Paultz
7%
Sweetwater Nat Clifton
7%
Windex man Micheal Cage
6%
Plastic Man Stacey Augmon
6%
No matching quizzes found
Score Distribution
Percent of People with Each Score
Percentile by Number Answered
Your Score History
You have not taken this quiz